000 00872nam a2200205 a 4500
008 120416s1994 ||||||||||||||||| || u
020 _a922109183X
050 _aHF 5549.5.M3 New
100 _aRichards, P. J. (Peter J.)
245 1 0 _aNew approaches to manpower planning and analysis
_cedited by P. Richards
260 _aGeneva:
_bInternational Labour Office
_c1994
300 _ax, 137p.
350 _a0.00
500 _aPapers and discussion summaries from a workshop organized by the ILO and held in October 1991. -Includes bibliographical references and index.
650 _aLABOR MARKET
650 _aMANPOWER PLANNING
700 _aAmjad, Rashid, 1947-
710 _aInternational Labour Office
995 _D0.00
_FCBU-MAIN LIBRARY (Kitwe)
_H1
_I12.95
_UAVAILABLE
_ZMain Library Open Access Collection
999 _c52087
_d52087